000 02204cam a22005654i 4500
003 PE-LiUPU
005 20250731165517.0
008 190808s r 000 0 spa d
020 _a6123155288
020 _a9786123155285
035 _a(Sirsi) a252427
040 _aPE-LiUPU
_bspa
_cPE-LiUPU
_erda
049 _aPRUA
082 0 4 _a001.42
_bM69
_220
100 1 _aMoisés Ríos, Billy Williams,
_eautor.
245 1 0 _aEjecución del proyecto de investigación científica /
_cBilly Williams Moisés Ríos ; Coautores Félix Valenzuela Oré, Bolonia Pariona Cahuana, Jeny Bendezú Prado.
264 1 _aPerú :
_bSan Marcos,
_c2018.
300 _a143 páginas :
_bilustraciones ;
_c24 centímetros
336 _atext
_2rdacontent
337 _aunmediated
_2rdamedia
338 _avolume
_2rdacarrier
504 _aBibliografía: páginas 121-124.
505 0 _aLa investigación científica como proceso -- Informe de investigación -- Organización del proceso de acopio de información -- Validez y confiabilidad de instrumentos de medición -- Recopilación de datos -- Sistematización de datos -- Base de datos -- Presentación de datos -- Pruebas de hipótesis -- Discusión de resultados -- Comunicación científica.
526 _aSEG44
526 _aSEG26
526 _aP151
526 _aP150
526 _aP149
526 _aP146
526 _aP145
526 _aP126
526 _aP125
526 _aP92
526 _aP75
526 _aP74
526 _aP27
526 _aP15
541 _g002-00001572;
650 0 4 _aInvestigación
_x-Metodología.
650 0 4 _aInvestigación.
700 1 _aValenzuela Oré, Felix,
_ecoautor.
700 1 _aPariona Cahuana, Bolonia,
_ecoautor.
700 1 _aBendezú Prado, Jeny,
_ecoautor.
910 _abgr
_bncf
_cncf
_d20190808
942 _2ddc
_cBOOK
994 _aC0
_bPEPRU
598 _aCATALOGING
596 _a1
999 _a001.42 M69
_wDEWEY
_c31653
_i80131
_f2021-11-4
_g3
_lCCODEBUL1
_mBUL
_p4.43
_r0
_sY
_tBOOK
_u2019-8-8
_xBIBLIOTECA
_PP33
_0COMPRA
_1FCOMPR3
_o.STAFF. Colección Ciencias de la Salud
_d31653
980 _81
_gALBERTO SANCHEZ Responsable de Automatización